Southville International School and Colleges
Your cart is empty.
  • Cart
  • Lists
    Public lists Eva Luna New books Lux_list list_1
    Your lists Log in to create your own lists
  • Log in to your account
  • Your cookies
  • Search history
Southville International School and Colleges
  • Advanced search
  • Recent comments
  • Most popular
  • Libraries

Log in to your account

Log in with GOOGLE


If you do not have an external account, but do have a local account, you can still log in:

  1. Home
  2. MARC view: My math tutor in proving trigonometric identities /
Normal view MARC view ISBD view

My math tutor in proving trigonometric identities / (Record no. 115848)

[ view plain ]
MARC details
000 -LEADER
fixed length control field 00519nam a22001817a 4500
003 - CONTROL NUMBER IDENTIFIER
control field OSt
005 - DATE AND TIME OF LATEST TRANSACTION
control field 20140507161226.0
008 - FIXED-LENGTH DATA ELEMENTS--GENERAL INFORMATION
fixed length control field 140507b xxu||||| |||| 00| 0 eng d
020 ## - INTERNATIONAL STANDARD BOOK NUMBER
International Standard Book Number 9789710506347
050 ## - LIBRARY OF CONGRESS CALL NUMBER
Classification number QA 531
Item number .Al385 2012
100 ## - MAIN ENTRY--PERSONAL NAME
Personal name Alfarez, Merle S.
245 ## - TITLE STATEMENT
Title My math tutor in proving trigonometric identities /
Statement of responsibility, etc Merle S. Alfarez.
260 ## - PUBLICATION, DISTRIBUTION, ETC. (IMPRINT)
Place of publication, distribution, etc Cainta Rizal :
Name of publisher, distributor, etc MSA Publishing House,
Date of publication, distribution, etc 2012.
300 ## - PHYSICAL DESCRIPTION
Extent 115 p. :
Other physical details ill. ;
Dimensions 23 cm.
650 ## - SUBJECT ADDED ENTRY--TOPICAL TERM
Topical term or geographic name as entry element Trigonometry
942 ## - ADDED ENTRY ELEMENTS (KOHA)
Source of classification or shelving scheme Library of Congress Classification
Koha item type Books
Holdings
Withdrawn status Lost status Source of classification or shelving scheme Damaged status Home library Current library Shelving location Date acquired Sub Shelving location Total Checkouts Full call number Barcode Date last seen Copy number Price effective from Koha item type
    Library of Congress Classification   Luxembourg Library Luxembourg Library Teachers Reference Section 05/07/2014     QA 531 .Al385 2012 19694 05/07/2014 1 05/07/2014 Books

My math tutor in proving trigonometric identities /

APA

Alfarez M. S., . (2012). My math tutor in proving trigonometric identities. Cainta Rizal: MSA Publishing House.

Chicago

Alfarez Merle S, . 2012. My math tutor in proving trigonometric identities. Cainta Rizal: MSA Publishing House.

Harvard

Alfarez M. S., . (2012). My math tutor in proving trigonometric identities. Cainta Rizal: MSA Publishing House.

MLA

Alfarez Merle S, . My math tutor in proving trigonometric identities. Cainta Rizal: MSA Publishing House. 2012.

  • Place hold
  • Print
  • Cite
  • Add to your cart (remove)
  • Save record
    BIBTEX Dublin Core MARCXML MARC (non-Unicode/MARC-8) MARC (Unicode/UTF-8) MARC (Unicode/UTF-8, Standard) MODS (XML) RIS
  • More searches
    Search for this title in:
    Other Libraries (WorldCat) Other Databases (Google Scholar) Online Stores (Bookfinder.com) Open Library (openlibrary.org)

Exporting to Dublin Core...

SOUTHVILLE LIBRARY

Southville International School and Colleges Library

1281 Tropical Ave. Cor. Luxembourg St., BF Homes International, Las Pinas City

Tel. No. 8256374 / 252358 Loc. 117/146

Powered by Koha